| 000 | 00397nam a2200157Ia 4500 | ||
|---|---|---|---|
| 005 | 20250417092546.0 | ||
| 008 | 231217s9999 xx 000 0 und d | ||
| 020 | _a9788131403617 | ||
| 082 | _a332.15 SEE;1 | ||
| 100 | _aSeethapathi, K ed. | ||
| 245 | 0 | _aFDI : issues in emerging economies | |
| 260 |
_c2006 _bIcfai _aHyderabad |
||
| 300 | _avi, 204 | ||
| 650 | _aFDI,economies | ||
| 942 | _cAA | ||
| 999 |
_c187405 _d187405 |
||